Agglomeration 77 : Volume 1 - Proceedings Of The 2nd International Symposium On Agglomeration, Atlanta, Ga., March 6 - 10, 1977 / (Record no. 27037)

000 -LEADER
fixed length control field 01119nam a22002657a 4500
001 - CONTROL NUMBER
control field 0000000774
003 - CONTROL NUMBER IDENTIFIER
control field PPM
005 - DATE AND TIME OF LATEST TRANSACTION
control field 20251208091644.0
008 - FIXED-LENGTH DATA ELEMENTS--GENERAL INFORMATION
fixed length control field 251208b ||||| |||| 00| 0 eng d
020 ## - INTERNATIONAL STANDARD BOOK NUMBER
Terms of availability RM 80.50
Qualifying information Hardback
035 ## - SYSTEM CONTROL NUMBER
System control number 0000000774
040 ## - CATALOGING SOURCE
Original cataloging agency PPM
Language of cataloging Eng
Transcribing agency Pusat Penyelidikan Mineral, Jabatan Mineral Dan Geosains Malaysia
Modifying agency PPM
Description conventions rda
082 00 - DEWEY DECIMAL CLASSIFICATION NUMBER
Edition number 19
Classification number 669
Item number AGG 1977
111 2# - MAIN ENTRY--MEETING NAME
Meeting name or jurisdiction name as entry element International Symposium on Agglomeration (2nd : 1977 )
Location of meeting Atlanta, Ga.
245 14 - TITLE STATEMENT
Title Agglomeration 77 : Volume 1 - Proceedings Of The 2nd International Symposium On Agglomeration, Atlanta, Ga., March 6 - 10, 1977 /
Statement of responsibility, etc. edited by K. V. S. Sastry
260 #1 - PUBLICATION, DISTRIBUTION, ETC.
Place of publication, distribution, etc. New York :
Name of publisher, distributor, etc. American Institute of Mining, Metallurgical, and Petroleum Engineers,
Date of publication, distribution, etc. 1977
300 00 - PHYSICAL DESCRIPTION
Extent xii, 500 pages .;
Other physical details graph, illustrations .;
Dimensions 23 cm
504 ## - BIBLIOGRAPHY, ETC. NOTE
Bibliography, etc. note Includes bibliographical references and indexes
650 10 - SUBJECT ADDED ENTRY--TOPICAL TERM
Topical term or geographic name entry element Metallurgy
General subdivision Congresses
650 20 - SUBJECT ADDED ENTRY--TOPICAL TERM
Topical term or geographic name entry element Agglomeration
General subdivision Congresses
700 1# - ADDED ENTRY--PERSONAL NAME
Personal name Sastry, K. V. S.
Relator term editor
710 2# - ADDED ENTRY--CORPORATE NAME
Corporate name or jurisdiction name as entry element Society of Mining Engineers of AIME
710 2# - ADDED ENTRY--CORPORATE NAME
Corporate name or jurisdiction name as entry element Iron and Steel Society of AIME
942 ## - ADDED ENTRY ELEMENTS (KOHA)
Source of classification or shelving scheme
Koha item type Books
Holdings
Withdrawn status Lost status Source of classification or shelving scheme Damaged status Not for loan Collection code Permanent Location Current Location Shelving location Date acquired Cost, normal purchase price Total Checkouts Full call number Date last seen Price effective from Koha item type
Available         Open Shelf PPM PPM Open Shelf 08/12/2025 80.50   669 AGG 1977 08/12/2025 08/12/2025 Books